LEADER 01286nam2 2200397 450 001 990000315760203316 010 $a3-05-501709-9 035 $a0031576 035 $aUSA010031576 035 $a(ALEPH)000031576USA01 035 $a0031576 100 $a20001218d1996----km-y0itay0103----ba 101 $aeng 102 $aDE 105 $a||||||||001yy 200 1 $aStatistical mechanics of nonequilibrium processes$eRelaxation and hydrodynamic processes$fDimitrii Zubarev, Vladimir Morozov, Gerd Ropke 210 $aBerlin$cAkademie Verlag$dc1996 215 $av.$cill.$d23 cm 410 $12001 461 1$1001-------$12001$aStatistical mechanics of nonequilibrium processes 610 0 $aMeccanica statistica 676 $a530.13 700 1$aZUBAREV,$bDimitrii$0542459 701 1$aMOROZOV,$bVladimir$0536085 701 1 $aROPKE,$bGerd$0542460 801 0$aIT$bsalbc$gISBD 912 $a990000315760203316 951 $a530.13 ZUB 2$bCBS 0025268$c530$d00100227 959 $aBK 969 $aS 979 $aPATTY$b90$c20001218$lUSA01$h1334 979 $aPATTY$b90$c20001218$lUSA01$h1338 979 $c20020403$lUSA01$h1639 979 $aPATRY$b90$c20040406$lUSA01$h1622 996 $aStatistical mechanics of nonequilibrium processes$9879343 997 $aUNISA LEADER 03856oam 22009374 450 001 9910788519603321 005 20230829002123.0 010 $a1-4623-6595-7 010 $a1-4527-5720-8 010 $a1-282-39161-5 010 $a9786613820044 010 $a1-4519-9432-X 035 $a(CKB)3360000000443046 035 $a(EBL)3014367 035 $a(SSID)ssj0000940041 035 $a(PQKBManifestationID)11519259 035 $a(PQKBTitleCode)TC0000940041 035 $a(PQKBWorkID)10947097 035 $a(PQKB)11228713 035 $a(OCoLC)698585595 035 $a(MiAaPQ)EBC3014367 035 $a(IMF)WPIEE2006130 035 $a(EXLCZ)993360000000443046 100 $a20020129d2006 uf 0 101 0 $aeng 135 $aur|n|---||||| 181 $ctxt 182 $cc 183 $acr 200 10$aAltruism and Workers? Remittances : $eEvidence from Selected Countries in the Middle East and Central Asia /$fJacques Bouhga-Hagbe 210 1$aWashington, D.C. :$cInternational Monetary Fund,$d2006. 215 $a1 online resource (29 p.) 225 1 $aIMF Working Papers 300 $a"May 2006". 311 $a1-4518-6390-X 327 $a""Contents""; ""I. INTRODUCTION""; ""II. DETERMINANTS OF WORKERSa??? REMITTANCES AND THEIR IMPLICATIONS""; ""III. EMPIRICAL INVESTIGATION""; ""IV. CONCLUSION""; ""REFERENCES""; ""APPENDIX""; ""A. Egypt""; ""B. Jordan""; ""C. Morocco""; ""D. Pakistan""; ""E. Tunisia"" 330 3 $aWorkers' remittances have been playing an increasingly important role in the balance of payments of many countries and can significantly contribute to the strength of their external positions. Assessing the likely stability of remittance flows could be a valuable input to the analysis of their external vulnerabilities. This paper argues that "altruism," as a motive to send money home, would contribute to the stability of these flows. Using a simple framework that relates workers' remittances to agricultural GDP, which is used as an indicator of economic "hardship" in the home country, evidence suggests that altruism could have played an important role in the flow of remittances to Egypt, Jordan, Morocco, Pakistan, and Tunisia in recent years. 410 0$aIMF Working Papers; Working Paper ;$vNo. 2006/130 606 $aEmigrant remittances$zMiddle East 606 $aEmigrant remittances$zAsia, Central 606 $aExports and Imports$2imf 606 $aForeign Exchange$2imf 606 $aRemittances$2imf 606 $aInternational Investment$2imf 606 $aLong-term Capital Movements$2imf 606 $aTrade: General$2imf 606 $aInternational economics$2imf 606 $aCurrency$2imf 606 $aForeign exchange$2imf 606 $aOutward remittances$2imf 606 $aExchange rates$2imf 606 $aExternal position$2imf 606 $aService exports$2imf 606 $aInternational finance$2imf 606 $aEmigrant remittances$2imf 606 $aExports$2imf 607 $aJordan$2imf 615 0$aEmigrant remittances 615 0$aEmigrant remittances 615 7$aExports and Imports 615 7$aForeign Exchange 615 7$aRemittances 615 7$aInternational Investment 615 7$aLong-term Capital Movements 615 7$aTrade: General 615 7$aInternational economics 615 7$aCurrency 615 7$aForeign exchange 615 7$aOutward remittances 615 7$aExchange rates 615 7$aExternal position 615 7$aService exports 615 7$aInternational finance 615 7$aEmigrant remittances 615 7$aExports 700 $aBouhga-Hagbe$b Jacques$01462071 801 0$bDcWaIMF 906 $aBOOK 912 $a9910788519603321 996 $aAltruism and Workers? Remittances$93670919 997 $aUNINA